| 000 | 00592nam a22001817a 4500 | ||
|---|---|---|---|
| 003 | CEME | ||
| 005 | 20210628202120.0 | ||
| 008 | 210225b xxu||||| |||| 00| 0 eng d | ||
| 020 | _a0-7506-5089-3 | ||
| 040 | _c. | ||
| 082 | _a629.27 BON | ||
| 100 |
_aBonnick, Allan W.M _958336 |
||
| 245 | _aAutomotive computer controlled systems, diagnostic tools and techniques | ||
| 260 |
_aOXFORD _bBUTTERWORTH HEINEMAN _c2001 |
||
| 300 | _aX,252P | ||
| 650 |
_aAUTOMOTIVE SYSTEMS AUTOMOTIVE CONTROLLED SYSTEMS AUTOMOTIVE DIAGNOSTIC TOOLS AUTOMOTIVE DIAGNOSTIC TECHNIQUES _958337 |
||
| 942 |
_cBK _2ddc |
||
| 999 |
_c568532 _d568532 |
||